000
00344 a2200157 4500
001
171902
020
_a
85-305-0019-9
040
_c
Magnum
100
_a
Colasanti, Marina
240
1
0
_a
Um amigo para sempre
_l
por
245
1
0
_a
Um amigo para sempre
300
_a
16
362
0
_a
1988
697
_a
LITERATURA INFANTO-JUVENIL
942
_c
BK
999
_c
171902
_d
171902